| 000 | 01396nam a22003377i 4500 | ||
|---|---|---|---|
| 003 | EG-ScBUE | ||
| 005 | 20221108082535.0 | ||
| 008 | 220731s2022 u o f b 000 0 ara d | ||
| 017 | _a2021 / 27671 | ||
| 020 | _a9789770937334 | ||
| 040 |
_aEG-ScBUE _bara _erda _cEG-ScBUE _dEG-ScBUE |
||
| 043 | _af-ua--- | ||
| 082 | 0 | 4 |
_222 _a327.20962 _bف هـ م |
| 100 | 1 |
_aفهمي، نبيل، _eمؤلف. |
|
| 240 | 1 | 0 |
_aEgypt's diplomacy in war, peace and transition. _lArabic |
| 245 | 1 | 0 |
_aفي قلب الأحداث : _bالدبلوماسية المصرية في الحرب والسلام وسنوات التغيير / _cنبيل فهمي ؛ ترجمة وتحرير أشرف البربري. |
| 250 | _aالطبعة الأولى. | ||
| 264 | 1 |
_aالقاهرة : _bدار الشروق، _c2022. |
|
| 300 |
_a383 صفحة : _bصور ؛ _c24 سم |
||
| 336 |
_2rdacontent _aنص _btxt |
||
| 337 |
_2rdamedia _aبدون وسيط _bn |
||
| 338 |
_2rdacarrier _aمجلد _bnc |
||
| 500 | _aيشتمل على ملاحق صور. | ||
| 504 | _aيشتمل على إرجاعات ببليوجرافية. | ||
| 546 | _aالنص باللغة العربية وتم ترجمته من اللغة الإنجليزية. | ||
| 650 | 7 |
_aالدبلوماسية _zمصر. _2BUEsh |
|
| 653 |
_bBUSBOL _cNovember2022 |
||
| 655 |
_vReading book _934232 |
||
| 700 |
_aبربري، أشرف، _eمترجم. |
||
| 942 | _2ddc | ||
| 999 |
_c29971 _d29942 |
||